000 00425nab a2200145Ia 4500
003 ES-SlBCS
005 20210601134846.0
008 140529s1955 xxu||||| |||| 00| 0 spa d
041 _aspa
100 1 _aVela, Vicente
_9224269
245 0 0 _aUn telescopio español del siglo XVIII
_c Vicente Vela
650 0 4 _aTelescopio Español
_9224270
773 0 _tArbor
_gvol. 31, nº. 115-116, 1955, págs. 462-475
_wRev54
942 _cAR
999 _c619046
_d619046